Jadrové reaktory VVER nemožno hádzať do jedného vreca

Bezpečnosť jadrových reaktorov v Jaslovských Bohuniciach. Hodnotenie závažnosti prevádzkových udalostí.

Salvato in:
Dettagli Bibliografici
Autore principale: Prosnan, Jozef
Natura: Capitolo di libro
Lingua:slovacco
Soggetti:
Tags: Aggiungi Tag
Nessun Tag, puoi essere il primo ad aggiungerne!!

MARC

LEADER 00000naa a2200000 4500
001 r020178
005 20221205102955.1
041 0 |a slo 
044 |a SK 
245 1 0 |a Jadrové reaktory VVER nemožno hádzať do jedného vreca  |c J. Prosnan 
520 |a Bezpečnosť jadrových reaktorov v Jaslovských Bohuniciach. Hodnotenie závažnosti prevádzkových udalostí. 
610 2 0 |a energia atómová 
610 2 0 |a Jaslovské Bohunice 
610 2 0 |a elektrárne atómové 
610 2 0 |a bezpečnosť jadrová 
100 1 |a Prosnan, Jozef